000 00406nam a2200157Ia 4500
008 210210b2003 xxu||||| |||| 00| 0 eng d
020 _a0 224 07278 1
082 _a928.61 MARL
100 _aMARQUEZ (Gabriel Garcia).
245 _aLiving to tell the tale.
260 _aLondon
_bJonathan Cape
_c2003
300 _a484
650 _aGabriel Garcia Marquez
690 _aAutobiography
906 _a058862
999 _c106177
_d106177